| 000 | 00606nam a2200193Ia 4500 | ||
|---|---|---|---|
| 005 | 20250508155028.0 | ||
| 008 | 008 250505s9999 xx 000 0 eng d | ||
| 037 | _aBooks to be hide in OPAC | ||
| 040 |
_aFEDL _beng _cFEDL |
||
| 041 |
_aeng _2eng |
||
| 084 |
_a016.37078, UNI _qFEDL |
||
| 245 | 0 | _aResearch grants index: Fiscal year 1965 Vol 2 | |
| 245 | 0 | _cU. S. Department of Health, Education, and Welfare | |
| 260 |
_aBethesda _bU. S. Government Printing _c1965 |
||
| 300 | _aiii,2432p. | ||
| 650 | _aBibliographies | ||
| 942 |
_cHB _h016.37078, UNI |
||
| 999 |
_c1353522 _d1353522 |
||